000 00302nam a22001337a 4500
008 170130b xxu||||| |||| 00| 0 eng d
020 _a9780801601750
041 _aeng
080 _27TH
_a61
100 _a3
101 _aSHMI
245 _aLEARNING MEDICAL TERMINOLOGY
_cAUSTRIN, M.G
942 _2udc
_cBK
999 _c4016
_d4016